000 00496 a2200181 4500
003 OSt
005 20231128112533.0
008 231128b |||||||| |||| 00| 0 eng d
020 _a9788194476214
040 _coclc
082 _a591.5
_bMAT/A
100 _aMathur, Reena
_99961
245 _aAnimal behaviour /
_cReena Mathur
250 _a6th ed.
260 _aMeerut:
_bRastogi Publications,
_c2023.
300 _a676p
942 _2ddc
_cBK
_h591.5
_iMAT/A
_k591.5
_mMAT/A
999 _c43689
_d43689